00319nam a2200109Ia 4500008004100000082000800041100001700049245002700066942000600093952009500099999001500194240331s9999 xx 000 0 und d bMAU aMaunaguru, S 0aPalayathum puthiyathum cL 001040708LaWERCLbWERCLcSSCd2024-03-31l0o 398 MAUp1626r2024-03-31w2024-03-31yL c3660d3660